| 000 | 00000nas 2200000zi 4500 |
| 001 | 9.908087 |
| 003 | CaOODSP |
| 005 | 20250514162944 |
| 006 | m o d f |
| 007 | cr cn |||||||| |
| 008 | 220214c20239999abcar p o f0 a0eng|d |
| 022 | |a2816-296X |
| 040 | |aCaOODSP|beng|erda|cCaOODSP |
| 043 | |an-cnp-- |
| 086 | 1 |aIu98-1/1E-PDF |
| 110 | 1 |aCanada. |bPrairies Economic Development Canada, |eauthor, |eissuing body. |
| 222 | 0|aDepartmental plan |b(Canada. Prairies Economic Development Canada) |
| 245 | 10|aDepartmental plan. |
| 264 | 1|aEdmonton, Alberta : |bPrairies Economic Development Canada, |c[2022]- |
| 310 | |aAnnual |
| 336 | |atext|btxt|2rdacontent |
| 337 | |acomputer|bc|2rdamedia |
| 338 | |aonline|bcr|2rdacarrier |
| 362 | 1 |aBegan with: 2022/2023. |
| 500 | |aIssued also in French under title: Plan ministériel. |
| 588 | |aDescription based on: 2022/2023; title from PDF cover page. |
| 588 | |aLatest issue consulted: 2023/2024. |
| 610 | 10|aCanada. |bPrairies Economic Development Canada|vPeriodicals. |
| 650 | 0|aExpenditures, Public|vPeriodicals. |
| 655 | 7|aPeriodicals|2lcgft |
| 775 | 08|tPlan ministériel.|w(CaOODSP)9.908088 |
| 780 | 00|tDepartmental plan |w(CaOODSP)9.828653 |